000 00339nam a2200133Ia 4500
005 20251222144918.0
008 251222s9999||||xx |||||||||||||| ||spa||
020 _a9972-600-59-9
082 _a231.76/M86
100 _aPedro Morandé
245 0 _aVisión cristiana de la Historia actual
264 _bVida y Espiritualidad
942 _cLIB
999 _c22608
_d22608